Movies Quiz

Random Movies or Letter Quiz

Last 25 Years: 'L' Movies Quiz Stats

 Plays Quiz Updated Jan 2, 2019

Challenge
Share
Tweet
Score 0/25 Timer 08:00
4 Plays Today
% Correct
The Lego Movie
95.4%
Life of Pi
92.2%
The Lord of the Rings: The Two Towers
90.2%
The Lone Ranger
78.4%
Lara Croft: Tomb Raider
72.7%
Little Miss Sunshine
68.2%
Little Fockers
59.1%
Lost in Translation
54.2%
Lady Bird
54.1%
Limitless
53.2%
Léon: The Professional
52.3%
Leaving Las Vegas
50.4%
The Life Aquatic with Steve Zissou
46.8%
% Correct
Life Is Beautiful
43.1%
Lars and the Real Girl
39.3%
Lock, Stock and Two Smoking Barrels
34.8%
Lord of War
33%
La La Land
31.8%
Legend
30%
Love & Basketball
29.2%
Lake Placid
28.3%
Law Abiding Citizen
26.1%
Life of the Party
15.3%
The Long Kiss Goodnight
15.2%
Let the Right One In
14.1%

You're not logged in!

Compare scores with friends on all Sporcle quizzes.
OR
Log In

You Might Also Like...

Show Comments

Extras

Top Quizzes Today


Score Distribution

Your Account Isn't Verified!

In order to create a playlist on Sporcle, you need to verify the email address you used during registration. Go to your Sporcle Settings to finish the process.

Report this User

Report this user for behavior that violates our Community Guidelines.

Details: